Neuanfang mit Erblasten: Staat und Kirche in der Slowakei nach dem Regierungswechsel
| Main Author: | |
|---|---|
| Format: | Print Article |
| Language: | German |
| Check availability: | HBZ Gateway |
| Interlibrary Loan: | Interlibrary Loan for the Fachinformationsdienste (Specialized Information Services in Germany) |
| Published: |
1999
|
| In: |
Herder-Korrespondenz
Year: 1999, Volume: 53, Issue: 5, Pages: 249-254 |
| Standardized Subjects / Keyword chains: | B
Slovakia
/ State
/ Church
/ Holy See (motif)
/ History 1998-1999
|
| IxTheo Classification: | CG Christianity and Politics KAJ Church history 1914-; recent history KBK Europe (East) KDB Roman Catholic Church |
| Parallel Edition: | Electronic
|
MARC
| LEADER | 00000caa a22000002c 4500 | ||
|---|---|---|---|
| 001 | 582714443 | ||
| 003 | DE-627 | ||
| 005 | 20250824170635.0 | ||
| 007 | tu | ||
| 008 | 160405s1999 xx ||||| 00| ||ger c | ||
| 035 | |a (DE-627)582714443 | ||
| 035 | |a (DE-576)465699723 | ||
| 035 | |a (DE-599)GBV582714443 | ||
| 040 | |a DE-627 |b ger |c DE-627 |e rakwb | ||
| 041 | |a ger | ||
| 084 | |a 1 |2 ssgn | ||
| 100 | 1 | |0 (DE-588)1076379486 |0 (DE-627)834815974 |0 (DE-576)339232218 |4 aut |a Pumberger, Josef |d 1960- | |
| 109 | |a Pumberger, Josef 1960- | ||
| 245 | 1 | 0 | |a Neuanfang mit Erblasten |b Staat und Kirche in der Slowakei nach dem Regierungswechsel |c Josef Pumberger |
| 264 | 1 | |c 1999 | |
| 336 | |a Text |b txt |2 rdacontent | ||
| 337 | |a ohne Hilfsmittel zu benutzen |b n |2 rdamedia | ||
| 338 | |a Band |b nc |2 rdacarrier | ||
| 500 | |a Aufsatz | ||
| 601 | |a Neuanfang | ||
| 652 | |a CG:KAJ:KBK:KDB | ||
| 689 | 0 | 0 | |d g |0 (DE-588)4055297-4 |0 (DE-627)104609923 |0 (DE-576)209113073 |2 gnd |a Slowakei |
| 689 | 0 | 1 | |d s |0 (DE-588)4056618-3 |0 (DE-627)106154303 |0 (DE-576)209118288 |2 gnd |a Staat |
| 689 | 0 | 2 | |d s |0 (DE-588)4030702-5 |0 (DE-627)104731745 |0 (DE-576)208988742 |2 gnd |a Kirche |
| 689 | 0 | 3 | |d b |0 (DE-588)2009545-4 |0 (DE-627)101659261 |0 (DE-576)191644501 |2 gnd |a Katholische Kirche |
| 689 | 0 | 4 | |q z |2 gnd |a Geschichte 1998-1999 |
| 689 | 0 | |5 (DE-627) | |
| 773 | 0 | 8 | |i In |t Herder-Korrespondenz |d Freiburg, Br. : Herder, 1946 |g 53(1999), 5, Seite 249-254 |w (DE-627)129073857 |w (DE-600)2422-3 |w (DE-576)014406144 |x 0018-0645 |7 nnas |
| 773 | 1 | 8 | |g volume:53 |g year:1999 |g number:5 |g pages:249-254 |
| 776 | 0 | 8 | |i Reproduziert als |a Pumberger, Josef, 1960 - |t Neuanfang mit Erblasten |d 1999 |w (DE-627)1900703025 |k Electronic |
| 889 | |w (DE-627)1864116013 | ||
| 935 | |a mteo |a DTH5 | ||
| 935 | |i mdedup | ||
| 935 | |i Blocktest | ||
| 951 | |a AR | ||
| CAN | |a 1 | ||
| ELC | |b 1 | ||
| ITA | |a 1 |t 1 | ||
| LOK | |0 000 xxxxxcx a22 zn 4500 | ||
| LOK | |0 001 3308551063 | ||
| LOK | |0 003 DE-627 | ||
| LOK | |0 004 582714443 | ||
| LOK | |0 005 20160405133022 | ||
| LOK | |0 008 160404||||||||||||||||ger||||||| | ||
| LOK | |0 040 |a DE-Tue135 |c DE-627 |d DE-Tue135 | ||
| LOK | |0 092 |o n | ||
| LOK | |0 852 |a DE-Tue135 | ||
| LOK | |0 852 1 |9 00 | ||
| LOK | |0 935 |a ixzs |a ixmi | ||
| LOK | |0 936ln |0 1442048824 |a KBK | ||
| LOK | |0 936ln |0 1442049839 |a KDB | ||
| LOK | |0 936ln |0 1442043911 |a CG | ||
| LOK | |0 936ln |0 1442044640 |a KAJ | ||
| LOK | |0 939 |a 04-04-16 |b l01 | ||
| ORI | |a SA-MARC-ixtheoa001.raw | ||
| REF | |a Staat-Kirche-Verhältnis | ||
| STA | 0 | 0 | |a Church,Church,Church,Church in literature,Holy See (motif),Catholic church,Catholic Church,Catholic Church,Former pilgrimage church Saint Ottilia,Slovakia,State,Country,State, The, in literature,State, The, in art |
| STB | 0 | 0 | |a Saint-Siège (motif),Église catholique,Église catholique,Église,Église,État,État |
| STC | 0 | 0 | |a Estado,Estado,Iglesia,Iglesia,Movimiento juvenil católico |
| STD | 0 | 0 | |a Chiesa cattolica,Chiesa,Chiesa,Stato,Stato |
| STE | 0 | 0 | |a 国家,天主教会,罗马公教,教会,教会 |
| STF | 0 | 0 | |a 國家,天主教會,羅馬公教,教會,教會 |
| STG | 0 | 0 | |a Estado,Estado,Igreja católica,Igreja,Igreja |
| STH | 0 | 0 | |a Государство (мотив),Государство,Католическая церковь (мотив),Церковь (мотив),Церковь |
| STI | 0 | 0 | |a Εκκλησία (μοτίβο),Εκκλησία,Καθολική Εκκλησία (μοτίβο),Κράτος (μοτίβο),Κράτος |
| SUB | |a CAN | ||
| SYG | 0 | 0 | |a Slowakische Republik,Oberungarn,Slovensko,Slovenská Republika,Slovenská SR,SSR,Slovakia,Slovaquie,Slovak Republic,République Slovaque,Slovenská Socialistická Republika,Slowakische Sozialistische Republik,Slovak Socialist Republic,République Socialiste Slovaque , Land,Staatswesen,Staaten , Church,Christliche Kirche,Christliche Kirche,Ekklesia , Rosenberg-Kirche,Notre-Dame-de-l'Assomption,Ste-Trinité,Sainte-Trinité , Katolikus Egyház,RCC,Katoličeskaj Cerkovʹ,Katoličke Cerkve,Katolska Cyrkej,Katolske Kirke,Ecclesia Catholica,Igreja Católica,Römisch-Katholische Kirche,Katholikē Ekklēsia,Catholic Church,Roman Catholic Church,Eglise Catholique,Eglise Catholique Romaine,Chiesa Cattolica,Katholieke Kerk,Iglesia Católica,Katolické Církve,Kościoł Katolicki,Katoličke Crkve,Eglise catholique romaine,Chiesa cattolica romana,Roman catholic Church,Eglise catholique,Römische Kirche , Eglise catholique,Roman Catholic Church,Catholic Church , Ehemalige Wallfahrtskirche Sankt Ottilia |
| TIM | |a 100019980101_100019991231 |b Geschichte 1998-1999 | ||